Sradha maraviyude pusthakam (Record no. 141908)
[ view plain ]
| 000 -LEADER | |
|---|---|
| fixed length control field | 00489nam a22001817a 4500 |
| 003 - CONTROL NUMBER IDENTIFIER | |
| control field | OSt |
| 020 ## - INTERNATIONAL STANDARD BOOK NUMBER | |
| International Standard Book Number | 9788126450145 |
| 082 ## - DEWEY DECIMAL CLASSIFICATION NUMBER | |
| Classification number | 813.1 |
| Item number | ROS/SR |
| 100 ## - MAIN ENTRY--PERSONAL NAME | |
| Personal name | Roshniswapna |
| 245 ## - TITLE STATEMENT | |
| Title | Sradha maraviyude pusthakam |
| Remainder of title | /ശ്രദ്ധ മറവിയുടെ പുസ്തകം |
| 250 ## - EDITION STATEMENT | |
| Edition statement | 1st ed. |
| 260 ## - PUBLICATION, DISTRIBUTION, ETC. (IMPRINT) | |
| Place of publication, distribution, etc | Kottayam |
| Name of publisher, distributor, etc | D C Books |
| Date of publication, distribution, etc | 2014 |
| 300 ## - PHYSICAL DESCRIPTION | |
| Extent | 230p. |
| 500 ## - GENERAL NOTE | |
| General note | Shradha maraviyude pusthakam |
| 546 ## - LANGUAGE | |
| Language note | Malayalam |
| 650 ## - SUBJECT ADDED ENTRY--TOPICAL TERM | |
| Topical term or geographic name as entry element | Malayalam novel |
| 942 ## - ADDED ENTRY ELEMENTS (KOHA) | |
| Source of classification or shelving scheme | Dewey Decimal Classification |
| Koha item type | Books (General) |
| Lost status | Source of classification or shelving scheme | Damaged status | Not for loan | Home library | Current library | Shelving location | Date acquired | Cost, normal purchase price | Total Checkouts | Full call number | Barcode | Date last seen | Date last borrowed | Koha item type |
|---|---|---|---|---|---|---|---|---|---|---|---|---|---|---|
| Dewey Decimal Classification | KAU Central Library, Thrissur | KAU Central Library, Thrissur | General | 12/11/2015 | 160.00 | 5 | 813.1 ROS/SR | 224655 | 23/04/2026 | 18/03/2026 | Books (General) |
